Do Pharmaceutical Companies Profit from the Covid19 Crisis?

Vývoj cien akcií farmaceutických spoločností. Výkyvy na akciovom trhu zohľadnené výpočtom návratnosti investícií medzi všetkými dňami v marci 2020 a novembrom 2021. Tieto denné výkyvy v súvislosti s vývojom akciového trhu v marci 2020 prinášajú možnosť zvýšiť ročné výnosy dvojnásobne až štvornásobne...

Descripción completa

Guardado en:
Detalles Bibliográficos
Autor principal: Pšenák, Peter
Formato: Capítulo de libro
Lenguaje:inglés
Materias:
Etiquetas: Agregar Etiqueta
Sin Etiquetas, Sea el primero en etiquetar este registro!

MARC

LEADER 00000naa a2200000 4500
001 0281911
005 20240417075153.2
041 0 |a eng 
044 |a SK 
245 1 0 |a Do Pharmaceutical Companies Profit from the Covid19 Crisis?  |c Peter Pšenák 
520 |a Vývoj cien akcií farmaceutických spoločností. Výkyvy na akciovom trhu zohľadnené výpočtom návratnosti investícií medzi všetkými dňami v marci 2020 a novembrom 2021. Tieto denné výkyvy v súvislosti s vývojom akciového trhu v marci 2020 prinášajú možnosť zvýšiť ročné výnosy dvojnásobne až štvornásobne. 
610 2 0 |a koronakríza 
610 2 0 |a koronavírus 
610 2 0 |a priemysel farmaceutický 
610 2 0 |a vývoj cenový 
610 2 0 |a akcie 
100 1 |a Pšenák, Peter